10 biggest cities in each Spanish Autonomous Community - Statistics

General Stats
  • This quiz has been taken 134 times
    86 since last reset
  • The average score is 80 of 172
Answers on the Map
Answers color-coded by a green-red scale on the quiz's map according to % correct below.
 
Answer Stats
Autonomous Community City Population % Correct
Andalusia Seville 684 164
94%
Basuqe Country Bilbao 345 235
93%
Madrid Madrid 3 340 176
93%
Catalonia Barcelona 1 655 956
91%
Autonomous City Ceuta 83 052
90%
Andalusia Málaga 587 068
90%
Valencian Community València / Valencia 804 121
90%
Castile and León Valladolid 297 129
90%
Aragon Zaragoza 683 949
90%
Autonomous City Melilla 85 493
88%
Andalusia Córdoba 324 418
87%
Canary Islands Las Palmas de Gran Canaria 380 863
87%
Murcia Murcia 467 501
87%
Galicia A Coruña / La Coruña 247 350
85%
Andalusia Granada 232 246
85%
Castile and León León 121 763
85%
Balearic Islands Palma de Mallorca 430 640
85%
Basuqe Country Donostia / San Sebastián 188 136
84%
Canary Islands Santa Cruz de Tenerife 208 906
82%
Valencian Community Alacant / Alicante 350 598
79%
Principality of Asturias Gijón 268 948
79%
Principality of Asturias Oviedo 217 369
79%
Galicia Vigo 294 910
79%
Andalusia Huelva 142 968
78%
Castile-La Mancha Toledo 85 818
78%
Andalusia Almería 200 665
76%
Balearic Islands Eivissa / Ibiza 51 872
76%
Andalusia Jerez de la Frontera 214 294
76%
Galicia Santiago de Compostela 98 716
76%
Navarre Pamplona / Iruña 206 233
75%
Castile and León Salamanca 143 666
75%
Extremadura Badajoz 150 716
73%
Cantabria Santander 172 655
73%
Castile-La Mancha Albacete 173 202
72%
Catalonia Badalona 224 301
72%
Madrid Getafe 187 525
72%
Catalonia L'Hospitalet de Llobregat 276 617
72%
Murcia Cartagena 218 196
70%
Andalusia Marbella 156 153
70%
Galicia Ourense / Orense 104 187
70%
Catalonia Tarragona 138 326
70%
Basuqe Country Vitoria-Gasteiz 255 423
70%
Valencian Community Benidorm 72 184
69%
Castile and León Burgos 174 585
69%
Valencian Community Castelló de la Plana / Castellón de la Plana 175 915
69%
La Rioja Logroño 150 206
69%
Valencian Community Elx / Elche 238 285
67%
Aragon Huesca 53 938
67%
Andalusia Algeciras 123 943
66%
Galicia Lugo 98 189
66%
Catalonia Reus 108 535
66%
Catalonia Lleida / Lérida 142 990
64%
Extremadura Mérida 59 563
64%
Catalonia Terrassa 225 274
64%
Castile-La Mancha Ciudad Real 75 254
63%
Castile-La Mancha Guadalajara 88 886
63%
Castile and León Zamora 59 362
63%
Castile and León Palencia 76 266
61%
Cantabria Santa cruz de Bezana 13 684
61%
Extremadura Cáceres 96 195
60%
Castile and León Soria 40 033
60%
Castile and León Ávila 58 548
58%
Catalonia Sabadell 217 968
58%
Castile and León Segovia 50 926
58%
Castile-La Mancha Cuenca 53 630
57%
Andalusia Dos Hermanas 138 991
57%
Basuqe Country Irún 62 853
57%
Madrid Móstoles 210 592
57%
Galicia Pontevedra 82 592
55%
Aragon Teruel 36 155
55%
Galicia Ferrol 64 005
54%
Madrid Alcalá de Henares 198 348
51%
Basuqe Country Barakaldo 100 987
51%
Balearic Islands Ciutadella de Menorca / Ciudadela de Menorca 31 669
51%
Basuqe Country Getxo / Guecho 76 297
51%
Castile and León Ponferrada 62 941
51%
Madrid Fuenlabrada 189 287
49%
Madrid Leganés 190 974
49%
Principality of Asturias Avilés 75 643
48%
Murcia Lorca 97 904
48%
Catalonia Mataró 129 613
48%
Castile-La Mancha Talavera de la Reina 84 102
48%
Madrid Alcobendas 119 471
45%
Madrid Alcorcón 172 845
43%
Basuqe Country Portugalete 44 648
43%
Cantabria Torrelavega 51 232
43%
Valencian Community Gnadia / Gandía 77 916
42%
La Rioja Haro 11 750
42%
Canary Islands San Cristóbal de La Laguna 159 576
42%
Canary Islands Arrecife 64 735
39%
Catalonia Santa Coloma de Gramanet 119 195
39%
Valencian Community Torrevieja 89 729
39%
Balearic Islands Manacor 46 614
36%
Madrid Parla 132 842
36%
Extremadura Plasencia 39 725
36%
Madrid Torrejón de Ardoz 138 197
36%
Navarre Tudela 37 631
36%
Murcia Alcantarilla 43 040
34%
Navarre Estella 14 224
34%
Valencian Community Orihuela 82 425
34%
Castile-La Mancha Puertollano 45 243
34%
Extremadura Don Benito 37 524
33%
Valencian Community Torrent / Torrente 87 329
33%
Murcia Yecla 35 491
33%
Murcia Águilas 36 684
31%
La Rioja Calahorra 25 025
31%
Principality of Asturias Mieres 36 175
31%
Canary Islands Telde 103 240
31%
Extremadura Almendralejo 33 865
30%
Balearic Islands Calvià 53 496
30%
Cantabria Castro Urdiales 33 160
30%
Basuqe Country Errenteria / Rentería 39 134
30%
Cantabria Laredo 10 838
30%
Principality of Asturias Pola de Siero 52 166
30%
Canary Islands Arona 86 497
28%
Murcia Molina de Segura 75 941
28%
Basuqe Country Santurtzi / Santurce 46 089
28%
Extremadura Villanueva de la Serena 25 746
28%
Basuqe Country Basauri 40 430
27%
Aragon Calatayud 19 713
27%
Balearic Islands Inca 34 459
27%
Canary Islands Santa Lucía de Tirajana 76 418
27%
Aragon Barbastro 17 308
25%
Aragon Monzón 17 856
25%
Valencian Community Paterna 73 362
25%
Cantabria Santoña 10 920
25%
Galicia Vilagarcía de Arousa 37 721
25%
Extremadura Zafra 16 655
25%
Canary Islands Adeje 50 523
24%
Navarre Barañáin 19 549
24%
Aragon Ejea de los Caballeros 17 149
24%
Principality of Asturias Langreo 37 988
24%
Navarre Zizur Mayor / Zizur Nagusia 15 700
24%
Aragon Alcañiz 16 108
22%
Castile-La Mancha Azuqueca de Henares 35 352
22%
Castile-La Mancha Illescas 31 319
22%
Murcia San Javier 35 050
22%
Murcia Torre-Pacheco 38 839
22%
Principality of Asturias Villaviciosa 15 010
22%
Navarre Burlada / Burlata 20 819
21%
Galicia Narón 39 070
21%
Extremadura Navalmoral de la Mata 16 891
21%
Galicia Oleiros 37 831
21%
Castile-La Mancha Tomelloso 36 462
21%
Aragon Utebo 18 917
21%
Murcia Cieza 35 183
19%
Canary Islands San Bartolomé de Tirajana 54 668
19%
Navarre Tafalla 10 714
19%
Navarre Egüés 22 152
18%
Aragon Fraga 15 243
18%
Canary Islands Granadilla de Abona 55 505
18%
Balearic Islands Llucmajor / Lluchmayor 39 156
18%
La Rioja Nájera 8 050
18%
Balearic Islands Sant Josep de sa Talaia / San José 30 340
18%
La Rioja Santo Domingo de la Calzada 6 280
18%
La Rioja Arnedo 15 157
16%
Cantabria Camargo 30 324
16%
Balearic Islands Marratxí / Marrachí 39 455
16%
Extremadura Montijo 15 312
16%
Cantabria Piélagos 26 579
16%
Balearic Islands Santa Eulària des Riu / Santa Eulalia del Río 41 608
16%
Principality of Asturias Castrillón 22 107
15%
Cantabria El Astillero 18 214
15%
La Rioja Lardero 11 371
15%
Navarre Berriozar 10 909
13%
Cantabria Los Corrales de Buelna 10 778
13%
Principality of Asturias San Martín del Rey Aurelio 15 408
13%
La Rioja Alfaro 9 821
12%
Navarre Aranguren 12 513
10%
La Rioja Autol 4 811
7%
Principality of Asturias Corvera de Asturias 15 616
7%
La Rioja Villamediana de Iregua 8 998
6%
No matching quizzes found
Score Distribution
Percent of People with Each Score
Percentile by Number Answered
Your Score History
You have not taken this quiz since the last reset